Tous les Maréchaux de France depuis 1804 - Statistiques

Statistiques générales
  • Ce quiz a été pris 18 fois
  • Le résultat moyen est 30 sur 77
Statistiques - réponses
Titres Dates de naissance
et de mort
Maréchal % Correct
Aucun (1851-1929) Ferdinand Foch
100%
Aucun (déchu de sa distinction de maréchal ) (1856-1951) Philippe Pétain
100%
Aucun (1852-1931) Joseph Joffre
88%
Aucun (1902-1947) Philippe Leclerc de Hauteclocque
88%
Duc de Magenta, Comte (1808-1893) Patrice de Mac Mahon
81%
Aucun (1888-1967) Alphonse Juin
75%
Aucun (1889-1952) Jean de Lattre de Tassigny
75%
Roi de Westphalie (1784-1860) Jérôme Bonaparte
75%
Duc d'Elchingen, Prince de la Moskowa (1769-1815) Michel Ney
75%
Aucun (1898-1970) Pierre Kœnig
69%
Prince de Pontecorvo, Roi de Suède et de Norvège (1763-1844) Jean-Baptiste Bernadotte
63%
Aucun (1849-1916) Joseph Gallieni
63%
Prince de l'Empire, grand-duc de Berg et de Clèves ,Roi de Naples (1767-1815) Joachim Murat
56%
Duc de Valmy (1735-1820) François Christophe Kellermann
50%
Aucun (1854-1934) Hubert Lyautey
50%
Duc de Montebello (1769-1809) Jean Lannes
50%
Aucun (1856-1942) Louis Franchet d'Espèrey
50%
Duc de Rivoli, Prince d'Essling (1758-1817) André Masséna
44%
Marquis (1754-1818) Catherine-Dominique de Pérignon
44%
Aucun (1852-1928) Émile Fayolle
44%
Marquis (1766-1847) Emmanuel de Grouchy
44%
Duc de Tarente (1765-1840) Étienne Macdonald
44%
Duc de Dantzig (1755-1820) François Joseph Lefebvre
44%
Duc de Dalmatie (1769-1851) Jean-de-Dieu Soult
44%
Prince (1763-1813) Joseph-Antoine Poniatowski
44%
Prince de Neuchâtel et de Wagram, Duc de Valangin (1753-1815) Louis-Alexandre Berthier
44%
Duc d’Auerstaedt, Prince d'Eckmühl (1770-1823) Louis Nicolas Davout
44%
Aucun (1847-1923) Michel Joseph Maunoury
44%
Duc de Reggio (1767-1847) Nicolas Charles Oudinot
44%
Duc de Castiglione (1757-1816) Pierre Augereau
44%
Duc de Trévise (1768-1835) Édouard Mortier
38%
Aucun (1811-1888) François Achille Bazaine
38%
Comte (1763-1815) Guillaume Brune
38%
Duc d’Istrie (1768-1813) Jean-Baptiste Bessières
38%
Comte (1742-1819) Jean Mathieu Philibert Sérurier
38%
Aucun (1763-1813) Jean Victor Marie Moreau
38%
Duc d'Albufera (1770-1826) Louis-Gabriel Suchet
38%
Marquis de La Piconnerie,Duc d'Isly (1784-1849) Thomas Robert Bugeaud
38%
Comte (1795-1878) Achille Baraguey d'Hilliers
31%
Aucun (1802-1862) Adolphe Niel
31%
Duc de Raguse (1774-1852) Auguste Frédéric Viesse de Marmont
31%
Duc de Conégliano (1754-1842) Bon-Adrien Jeannot de Moncey
31%
Duc de Bellune (1764-1841) Claude-Victor Perrin
31%
Comte (1773-1852) Étienne Maurice Gérard
31%
Aucun (1771-1804) Georges Cadoudal
31%
Comte (1770-1838) Georges Mouton
31%
Duc de Feltre (1765-1818) Henri-Jacques-Guillaume Clarke
31%
Comte (1775-1860) Honoré Charles Reille
31%
Marquis (1768-1828) Jacques Alexandre Law de Lauriston
31%
Comte (1762-1833) Jean-Baptiste Jourdan
31%
Marquis (1764-1830) Laurent de Gouvion-Saint-Cyr
31%
Prince (1765-1829) Louis Aloÿs de Hohenlohe-Waldenbourg-Bartenstein
31%
Marquis (1752-1821) Pierre Riel de Beurnonville
31%
Comte (1775-1852) Rémy Joseph Isidore Exelmans
31%
Comte (1773-1846) Sylvain Charles Valée
31%
Duc de Malakoff (1794-1864) Aimable Pélissier
25%
Aucun (1809-1895) François Certain de Canrobert
25%
Comte (1770-1849) Gabriel Molitor
25%
Aucun (1798-1854) Armand Leroy de Saint-Arnaud
19%
Aucun (1791-1865) Bernard Pierre Magnan
19%
Comte (1772-1842) Bertrand Clauzel
19%
Marquis (1788-1862) Boniface de Castellane
19%
Marquis (1734-1827) Charles du Houx de Vioménil
19%
Aucun (1809-1888) Edmond Le Boeuf
19%
Aucun (1804-1872) Élie-Frédéric Forey
19%
Duc de Coigny (1737-1821) François Henri de Franquetot de Coigny
19%
Vicomte (1775-1851) Guillaume Dode de la Brunerie
19%
Comte (1772-1851) Horace Sébastiani
19%
Comte (1795-1871) Jacques Louis Randon
19%
Comte (1765-1844) Jean-Baptiste Drouet d'Erlon
19%
Comte (1790-1872) Jean-Baptiste Philibert Vaillant
19%
Comte (1768-1855) Jean Isidore Harispe
19%
Comte (1773-1846) Louis Auguste Victor de Ghaisne de Bourmont
19%
Marquis (1771-1840) Nicolas-Joseph Maison
19%
Comte (1784-1863) Philippe Antoine d'Ornano
19%
Aucun (1810-1861) Pierre Bosquet
19%
Comte (1794-1870) Auguste Regnaud de Saint-Jean d'Angély
13%
Aucun quiz correspondant
Distribution des résultats
% des personnes avec chaque résultat
Percentile par nombre de réponses
Votre historique - résultats
Vous n’avez pas pris ce quiz